A history of philosophy (Record no. 241765)

MARC details
000 -LEADER
fixed length control field 00566nam a2200193Ia 4500
008 - FIXED-LENGTH DATA ELEMENTS--GENERAL INFORMATION
fixed length control field 191130s1993##################000#0#eng##
020 ## - INTERNATIONAL STANDARD BOOK NUMBER
ISBN 9780385468442
082 ## - DEWEY DECIMAL CLASSIFICATION NUMBER
Classification number 190 COP.2
100 ## - MAIN ENTRY--AUTHOR NAME
Personal name Copleston, Frederick Charles
245 ## - TITLE STATEMENT
Title A history of philosophy
Statement of responsibility, etc by Frederick Copleston
260 ## - PUBLICATION, DISTRIBUTION, ETC. (IMPRINT)
Place of publication New York
Name of publisher Image Books
Year of publication 1993
300 ## - PHYSICAL DESCRIPTION
Number of Pages 9 v. ; 22 cm
500 ## - GENERAL NOTE
General note Includes bibliographical references and index
650 ## - SUBJECT ADDED ENTRY--TOPICAL TERM
Topical Term Philosophy - History
991 ## -
-- 63962
Holdings
Withdrawn status Lost status Damaged status Not for loan Home library Current library Shelving location Date acquired Full call number Accession Number Price effective from Koha item type
        Anna Centenary Library Anna Centenary Library 3RD FLOOR, A WING 13.10.2020 190 COP.2 378202 13.10.2020 English Books

Find us on the map